Southville International School and Colleges
Your cart is empty.
  • Cart
  • Lists
    Public lists Eva Luna New books Lux_list list_1
    Your lists Log in to create your own lists
  • Log in to your account
  • Your cookies
  • Search history
Southville International School and Colleges
  • Advanced search
  • Recent comments
  • Most popular
  • Libraries

Log in to your account

Log in with GOOGLE


If you do not have an external account, but do have a local account, you can still log in:

  1. Home
  2. MARC view: Contemporary marketing strategy in the Philippine setting /
Normal view MARC view ISBD view

Contemporary marketing strategy in the Philippine setting / (Record no. 291674)

[ view plain ]
MARC details
000 -LEADER
fixed length control field 00653nam a2200241Ia 4500
008 - FIXED-LENGTH DATA ELEMENTS--GENERAL INFORMATION
fixed length control field 160319s9999 xx 000 0 und d
020 ## - INTERNATIONAL STANDARD BOOK NUMBER
International Standard Book Number 971-91307-9-2
050 ## - LIBRARY OF CONGRESS CALL NUMBER
Classification number FIL HF 5415.12
050 ## - LIBRARY OF CONGRESS CALL NUMBER
Item number .P5G65 1992
100 ## - MAIN ENTRY--PERSONAL NAME
Personal name Go, Josiah.
245 ## - TITLE STATEMENT
Title Contemporary marketing strategy in the Philippine setting /
245 ## - TITLE STATEMENT
Statement of responsibility, etc Josiah Go.
250 ## - EDITION STATEMENT
Edition statement Updated Edition
260 ## - PUBLICATION, DISTRIBUTION, ETC. (IMPRINT)
Place of publication, distribution, etc Manila:
260 ## - PUBLICATION, DISTRIBUTION, ETC. (IMPRINT)
Name of publisher, distributor, etc Philippine Marketing Association,
260 ## - PUBLICATION, DISTRIBUTION, ETC. (IMPRINT)
Date of publication, distribution, etc 1992
300 ## - PHYSICAL DESCRIPTION
Extent 197 pages :
300 ## - PHYSICAL DESCRIPTION
Other physical details illustrations ;
300 ## - PHYSICAL DESCRIPTION
Dimensions 22 cm.
500 ## - GENERAL NOTE
General note Includes index.
650 ## - SUBJECT ADDED ENTRY--TOPICAL TERM
Topical term or geographic name as entry element Marketing -- Management.
650 ## - SUBJECT ADDED ENTRY--TOPICAL TERM
General subdivision Marketing -- Strategy.
Holdings
Withdrawn status Lost status Damaged status Home library Current library Shelving location Date acquired Cost, normal purchase price Total Checkouts Full call number Barcode Date last seen Price effective from Koha item type
      South Mansfield College South Mansfield College Filipiniana Section   140.00   FIL HF 5415.12 .P5G65 1992 SMC00010 03/19/2016 03/19/2016  

Contemporary marketing strategy in the Philippine setting /

APA

Go J., .Contemporary marketing strategy in the Philippine setting. Manila: .

Chicago

Go Josiah, .Contemporary marketing strategy in the Philippine setting. Manila: .

Harvard

Go J., .Contemporary marketing strategy in the Philippine setting. Manila: .

MLA

Go Josiah, .Manila: . .

  • Place hold
  • Print
  • Cite
  • Add to your cart (remove)
  • Save record
    BIBTEX Dublin Core MARCXML MARC (non-Unicode/MARC-8) MARC (Unicode/UTF-8) MARC (Unicode/UTF-8, Standard) MODS (XML) RIS
  • More searches
    Search for this title in:
    Other Libraries (WorldCat) Other Databases (Google Scholar) Online Stores (Bookfinder.com) Open Library (openlibrary.org)

Exporting to Dublin Core...

SOUTHVILLE LIBRARY

Southville International School and Colleges Library

1281 Tropical Ave. Cor. Luxembourg St., BF Homes International, Las Pinas City

Tel. No. 8256374 / 252358 Loc. 117/146

Powered by Koha